01670nab a2200457 a 450000100060000000300080000600500170001400600190003100700150005000800410006502200140010602200380012003500210015804000260017905000210020508000140022608200120024022200210025224501980027326000590047130000150053036200380054553301640058354600540074765000140080165000250081565000200084065000320086065000310089265300280092365500320095170000220098370000200100570000220102570000220104770000230106971000190109274000220111185600620113399900170119542234FlNmELB20241216222029.0m o d | cr cn|||||||||201105r2002 sp |||||s|||||||||||spa d a0213-9111 z1413-538533 ( Ed. electrónica ) a(OCoLC)955350845 aFlNmELBbspacFlNmELB 4aRG498bE825 2002 a616-006.604a614222 0aGaceta Sanitaria00aEstudio de la no participación en el programa de prevención de cáncer de mama en la ciudad de Valenciah[recurso electronico] /cM. Alcaraz, A. Lluch, J. Miranda, I. Pereiro, M. D. Salas. aBarcelona :bGaceta Sanitaria, Ediciones Doyma,c2002. a230-235 p.0 aVol. 16, num. 3 (mayo-jun. 2002)- aRecurso electrónico. Santa Fe, Arg.: e-libro, 2015. Disponible vía World Wide Web. El acceso puede estar limitado para las bibliotecas afiliadas a e-libro. aArtículos en castellano; resumenes en inglés. 0aCáncer. 0aAtención médica. 0aBreastxCancer. 0aBreastxCancerxPrevention. 0aBreastxCancerxTreatment. aCanceraAtencion medica 4aArtículos electrónicos.1 aAlcaraz, M,eaut.1 aLluch, A,eaut.1 aMiranda, J,eaut.1 aPereiro, I,eaut.1 aSalas, M. D,eaut.2 ae-libro, Corp.02aGaceta Sanitaria.40uhttps://elibro.net/ereader/politecnicointernacional/31851 c42234d42234